000 00752nam a2200241 a 4500
003 MX-MxUPN
005 20220613123137.0
008 991125s1986 mx 000 0 spa u
020 _a9684203195
035 _aUPN01000000191
040 _aMX-MxUPN
_bspa
_cMX-MxUPN
049 _aLT
050 4 _aLB1649 M6.1
_bR5.3 1986
100 1 _aRincón Arce, Álvaro
_944821
245 1 0 _aABC de química primer curso /
_cAlvaro Rincón Arce, Alonso Rocha León.
250 _a8a ed.
260 _aMéxico :
_bHerrero,
_c1986.
300 _a119 p. :
_bil.
500 _a"Para las escuelas de educación secundaria asignaturas"
650 4 _aQuímica
_xEstudio y enseñanza (Secundaria)
_97244
700 1 _aRocha Léon, Alonso
_944823
_ecoaut.
905 _aLibro
999 _c191
_d191